[Event "Russian Rapid Team Championship (m)"]
[Site "Sochi"]
[Date "2022.10.18"]
[Round "4.13"]
[White "Kavyev, Ruslan"]
[Black "Savchenko, Boris"]
[Result "0-1"]
[BlackElo "2605"]
[WhiteElo "2229"]
[LiveChessVersion "1.4.8"]

1. d4 {[%clk 0:15:18]} Nf6 {[%clk 0:15:19]} 2. c4 {[%clk 0:15:26]} e6
{[%clk 0:15:27]} 3. g3 {[%clk 0:15:35]} Bb4+ {[%clk 0:15:35]} 4. Bd2
{[%clk 0:15:44]} c5 {[%clk 0:15:44]} 5. Bxb4 {[%clk 0:15:46]} cxb4
{[%clk 0:15:53]} 6. Bg2 {[%clk 0:15:54]} O-O {[%clk 0:16:01]} 7. e4
{[%clk 0:16:03]} d6 {[%clk 0:16:09]} 8. Ne2 {[%clk 0:16:05]} e5 {[%clk 0:16:16]}
9. a3 {[%clk 0:15:53]} bxa3 {[%clk 0:16:18]} 10. Nxa3 {[%clk 0:15:36]} exd4
{[%clk 0:15:39]} 11. O-O {[%clk 0:15:10]} Re8 {[%clk 0:15:47]} 12. Qxd4
{[%clk 0:12:56]} Nc6 {[%clk 0:15:54]} 13. Qd3 {[%clk 0:12:31]} Bg4
{[%clk 0:14:38]} 14. Nc3 {[%clk 0:11:24]} a6 {[%clk 0:13:55]} 15. h3
{[%clk 0:10:35]} Be6 {[%clk 0:13:45]} 16. b3 {[%clk 0:09:01]} Rc8
{[%clk 0:12:34]} 17. Rfd1 {[%clk 0:08:02]} Qb6 {[%clk 0:12:31]} 18. Na4
{[%clk 0:07:38]} Qa7 {[%clk 0:10:15]} 19. Qxd6 {[%clk 0:06:25]} b5
{[%clk 0:09:28]} 20. cxb5 {[%clk 0:05:59]} Bxb3 {[%clk 0:09:36]} 21. bxc6
{[%clk 0:04:56]} Bxa4 {[%clk 0:09:44]} 22. Rdc1 {[%clk 0:03:30]} Red8
{[%clk 0:08:32]} 23. Qc5 {[%clk 0:02:54]} Rd1+ {[%clk 0:08:38]} 24. Rxd1
{[%clk 0:02:31]} Qxc5 {[%clk 0:08:46]} 25. Rdc1 {[%clk 0:02:38]} Qd4
{[%clk 0:08:27]} 26. e5 {[%clk 0:02:26]} Nd5 {[%clk 0:08:14]} 27. Nc4
{[%clk 0:01:48]} Bxc6 {[%clk 0:07:59]} 28. Nd6 {[%clk 0:01:51]} Rf8
{[%clk 0:07:07]} 29. Rxa6 {[%clk 0:01:51]} Bd7 {[%clk 0:07:08]} 30. Ne4
{[%clk 0:00:43]} Qxe5 {[%clk 0:07:09]} 31. Ra5 {[%clk 0:00:38]} Be6
{[%clk 0:07:13]} 32. Rd1 {[%clk 0:00:46]} Rd8 {[%clk 0:07:07]} 33. Kh2
{[%clk 0:00:36]} Qc7 {[%clk 0:06:34]} 34. Rc5 {[%clk 0:00:30]} Qb6
{[%clk 0:06:42]} 35. Rdc1 {[%clk 0:00:16]} h6 {[%clk 0:06:47]} 36. h4
{[%clk 0:00:22]} Ne7 {[%clk 0:06:32]} 37. R5c2 {[%clk 0:00:17]} Ng6
{[%clk 0:06:34]} 38. Rc6 {[%clk 0:00:19]} Qd4 {[%clk 0:06:30]} 39. R6c2
{[%clk 0:00:19]} Ne5 {[%clk 0:06:33]} 40. Kg1 {[%clk 0:00:20]} Bf5
{[%clk 0:06:33]} 41. Re2 {[%clk 0:00:22]} Nd3 {[%clk 0:06:06]} 42. Rd1
{[%clk 0:00:30]} Bxe4 {[%clk 0:06:08]} 43. Bxe4 {[%clk 0:00:38]} Nf4
{[%clk 0:06:12]} 44. Rxd4 {[%clk 0:00:24]} Nxe2+ {[%clk 0:06:20]} 0-1

[Event "Russian Rapid Team Championship (m)"]
[Site "Sochi"]
[Date "2022.10.18"]
[Round "4.14"]
[White "Iljiushenok, Ilia"]
[Black "Gitelson, Arkady"]
[Result "1-0"]
[BlackElo "2172"]
[WhiteElo "2467"]
[LiveChessVersion "1.4.8"]

1. e4 {[%clk 0:15:17]} e5 {[%clk 0:15:17]} 2. Nf3 {[%clk 0:15:25]} Nc6
{[%clk 0:15:25]} 3. Nc3 {[%clk 0:15:33]} Nf6 {[%clk 0:15:33]} 4. Bb5
{[%clk 0:15:42]} Nd4 {[%clk 0:15:40]} 5. Bc4 {[%clk 0:15:50]} Nxf3+
{[%clk 0:15:31]} 6. gxf3 {[%clk 0:15:59]} d6 {[%clk 0:14:34]} 7. d4
{[%clk 0:16:01]} exd4 {[%clk 0:14:38]} 8. Qxd4 {[%clk 0:16:07]} Be6
{[%clk 0:14:47]} 9. Bg5 {[%clk 0:11:09]} Be7 {[%clk 0:13:50]} 10. O-O-O
{[%clk 0:11:08]} Bxc4 {[%clk 0:06:39]} 11. Qxc4 {[%clk 0:11:15]} O-O
{[%clk 0:06:47]} 12. Rhg1 {[%clk 0:10:42]} Ne8 {[%clk 0:05:55]} 13. h4
{[%clk 0:07:18]} c6 {[%clk 0:05:38]} 14. Rg2 {[%clk 0:06:43]} Kh8
{[%clk 0:05:45]} 15. Rdg1 {[%clk 0:06:32]} f6 {[%clk 0:05:53]} 16. Be3
{[%clk 0:06:03]} Qd7 {[%clk 0:06:00]} 17. h5 {[%clk 0:05:58]} b5 {[%clk 0:06:07]}
18. Qd3 {[%clk 0:05:57]} Qe6 {[%clk 0:06:06]} 19. Kb1 {[%clk 0:06:03]} a5
{[%clk 0:06:03]} 20. Ne2 {[%clk 0:05:42]} d5 {[%clk 0:03:04]} 21. Nf4
{[%clk 0:05:23]} Qe5 {[%clk 0:03:12]} 22. exd5 {[%clk 0:04:55]} Rd8
{[%clk 0:03:14]} 23. h6 {[%clk 0:03:54]} g5 {[%clk 0:03:18]} 24. Rxg5
{[%clk 0:03:55]} Qxg5 {[%clk 0:02:52]} 25. Rxg5 {[%clk 0:04:04]} fxg5
{[%clk 0:03:01]} 26. Bd4+ {[%clk 0:03:30]} Kg8 {[%clk 0:02:50]} 27. Ne6
{[%clk 0:02:46]} Rxd5 {[%clk 0:02:47]} 28. Nxf8 {[%clk 0:02:54]} Bxf8
{[%clk 0:02:55]} 29. c3 {[%clk 0:01:30]} Nd6 {[%clk 0:02:26]} 30. Qe2
{[%clk 0:01:24]} Kf7 {[%clk 0:02:31]} 31. f4 {[%clk 0:01:31]} gxf4
{[%clk 0:02:25]} 32. Qg4 {[%clk 0:01:40]} Nf5 {[%clk 0:02:00]} 33. Qxf4
{[%clk 0:01:25]} Bxh6 {[%clk 0:00:55]} 34. Qc7+ {[%clk 0:01:34]} Kg6
{[%clk 0:01:05]} 35. Qxc6+ {[%clk 0:01:39]} Rd6 {[%clk 0:01:14]} 36. Qxb5
{[%clk 0:01:25]} Nxd4 {[%clk 0:01:15]} 37. cxd4 {[%clk 0:01:34]} Bg7
{[%clk 0:01:05]} 38. Qd3+ {[%clk 0:01:42]} Kf7 {[%clk 0:01:03]} 39. Qxh7
{[%clk 0:01:49]} Rxd4 {[%clk 0:01:11]} 40. Qh5+ {[%clk 0:01:54]} Kg8
{[%clk 0:01:12]} 41. Qxa5 {[%clk 0:02:00]} Rf4 {[%clk 0:01:13]} 42. Qd5+
{[%clk 0:01:58]} Kh7 {[%clk 0:01:20]} 43. f3 {[%clk 0:02:05]} Rd4
{[%clk 0:01:25]} 44. Qf5+ {[%clk 0:02:10]} Kg8 {[%clk 0:01:33]} 45. Kc2
{[%clk 0:02:15]} Rc4+ {[%clk 0:01:42]} 46. Kb3 {[%clk 0:02:21]} Rd4
{[%clk 0:01:51]} 47. Qe6+ {[%clk 0:02:21]} Kh8 {[%clk 0:01:57]} 48. Kc2
{[%clk 0:02:23]} Rh4 {[%clk 0:01:58]} 49. Qd6 {[%clk 0:02:09]} Rh3
{[%clk 0:01:52]} 50. Qf4 {[%clk 0:01:56]} Rh1 {[%clk 0:01:42]} 51. a4
{[%clk 0:01:55]} Bh6 {[%clk 0:01:51]} 52. Qb8+ {[%clk 0:01:54]} Kh7
{[%clk 0:02:00]} 53. a5 {[%clk 0:02:01]} Rc1+ {[%clk 0:02:03]} 54. Kb3
{[%clk 0:02:06]} Bg7 {[%clk 0:02:11]} 55. a6 {[%clk 0:02:05]} Rb1
{[%clk 0:02:19]} 56. Qh2+ {[%clk 0:02:12]} Kg8 {[%clk 0:02:25]} 57. a7
{[%clk 0:02:20]} 1-0

[Event "Russian Rapid Team Championship (m)"]
[Site "Sochi"]
[Date "2022.10.18"]
[Round "4.15"]
[White "Palin, Denis"]
[Black "Pridorozhni, Aleksei"]
[Result "0-1"]
[BlackElo "2538"]
[WhiteElo "2029"]
[LiveChessVersion "1.4.8"]

1. d4 {[%clk 0:15:20]} d6 {[%clk 0:14:35]} 2. Nf3 {[%clk 0:15:27]} Bg4
{[%clk 0:14:43]} 3. Nbd2 {[%clk 0:15:00]} Nd7 {[%clk 0:14:46]} 4. g3
{[%clk 0:15:05]} c6 {[%clk 0:14:52]} 5. Bg2 {[%clk 0:15:12]} e5 {[%clk 0:14:57]}
6. dxe5 {[%clk 0:15:10]} dxe5 {[%clk 0:15:05]} 7. e4 {[%clk 0:15:14]} Ngf6
{[%clk 0:15:09]} 8. O-O {[%clk 0:15:08]} Qc7 {[%clk 0:15:12]} 9. Qe2
{[%clk 0:15:06]} Bc5 {[%clk 0:15:06]} 10. Nc4 {[%clk 0:14:54]} O-O
{[%clk 0:14:38]} 11. Bg5 {[%clk 0:14:37]} Bh5 {[%clk 0:13:53]} 12. h3
{[%clk 0:14:29]} b5 {[%clk 0:13:48]} 13. Bxf6 {[%clk 0:12:58]} Nxf6
{[%clk 0:13:54]} 14. Ne3 {[%clk 0:12:54]} Bg6 {[%clk 0:12:08]} 15. Nf5
{[%clk 0:12:40]} Bxf5 {[%clk 0:11:51]} 16. exf5 {[%clk 0:12:49]} e4
{[%clk 0:11:59]} 17. Ng5 {[%clk 0:10:29]} e3 {[%clk 0:12:00]} 18. f4
{[%clk 0:09:36]} Rad8 {[%clk 0:11:43]} 19. Rad1 {[%clk 0:09:42]} Qc8
{[%clk 0:07:49]} 20. Kh2 {[%clk 0:09:10]} Bb6 {[%clk 0:07:03]} 21. c3
{[%clk 0:07:09]} h5 {[%clk 0:06:17]} 22. Ne4 {[%clk 0:05:43]} Qxf5
{[%clk 0:05:17]} 23. Nxf6+ {[%clk 0:05:51]} Qxf6 {[%clk 0:05:25]} 24. Qxh5
{[%clk 0:05:51]} b4 {[%clk 0:05:27]} 25. Be4 {[%clk 0:01:46]} g6 {[%clk 0:05:35]}
26. Qg4 {[%clk 0:01:55]} Rxd1 {[%clk 0:05:27]} 27. Rxd1 {[%clk 0:01:49]} bxc3
{[%clk 0:04:59]} 28. bxc3 {[%clk 0:01:58]} Rd8 {[%clk 0:02:45]} 29. Rxd8+
{[%clk 0:01:38]} Bxd8 {[%clk 0:02:53]} 30. Qd7 {[%clk 0:00:28]} Bb6
{[%clk 0:03:01]} 31. Qd3 {[%clk 0:00:29]} Qe6 {[%clk 0:02:57]} 32. c4
{[%clk 0:00:25]} Qf6 {[%clk 0:03:06]} 33. Bf3 {[%clk 0:00:26]} Bd4
{[%clk 0:02:51]} 34. Kg2 {[%clk 0:00:20]} Kg7 {[%clk 0:02:47]} 35. Qe4
{[%clk 0:00:15]} c5 {[%clk 0:02:39]} 36. Qb7 {[%clk 0:00:21]} Qf5
{[%clk 0:02:40]} 37. Qb3 {[%clk 0:00:17]} g5 {[%clk 0:02:34]} 38. fxg5
{[%clk 0:00:23]} Qxg5 {[%clk 0:02:43]} 39. h4 {[%clk 0:00:15]} Qg6
{[%clk 0:02:48]} 40. Qd1 {[%clk 0:00:18]} Be5 {[%clk 0:02:52]} 41. Qe1
{[%clk 0:00:27]} Bd4 {[%clk 0:02:29]} 42. Qd1 {[%clk 0:00:36]} Kh6
{[%clk 0:02:31]} 43. Qa4 {[%clk 0:00:29]} Be5 {[%clk 0:02:32]} 44. g4
{[%clk 0:00:32]} Qd3 {[%clk 0:02:34]} 45. Qc6+ {[%clk 0:00:19]} Kg7
{[%clk 0:02:41]} 46. Qd5 {[%clk 0:00:11]} Qc2+ {[%clk 0:02:47]} 47. Kg1
{[%clk 0:00:12]} Qh2+ {[%clk 0:02:54]} 0-1

[Event "Russian Rapid Team Championship (m)"]
[Site "Sochi"]
[Date "2022.10.18"]
[Round "4.16"]
[White "Kabanov, Nikolai"]
[Black "Muromtsev, Arthur"]
[Result "1-0"]
[BlackElo "2054"]
[WhiteElo "2367"]
[LiveChessVersion "1.4.8"]

1. e4 {[%clk 0:15:06]} e5 {[%clk 0:15:17]} 2. Nf3 {[%clk 0:15:09]} Nc6
{[%clk 0:15:24]} 3. Nc3 {[%clk 0:15:16]} Nf6 {[%clk 0:15:31]} 4. Bb5
{[%clk 0:15:24]} Bb4 {[%clk 0:15:30]} 5. O-O {[%clk 0:15:30]} O-O
{[%clk 0:15:19]} 6. Bxc6 {[%clk 0:15:25]} dxc6 {[%clk 0:15:04]} 7. d3
{[%clk 0:15:31]} Re8 {[%clk 0:13:45]} 8. h3 {[%clk 0:15:02]} h6 {[%clk 0:13:24]}
9. Ne2 {[%clk 0:15:06]} Bf8 {[%clk 0:11:51]} 10. Ng3 {[%clk 0:15:11]} c5
{[%clk 0:10:12]} 11. b3 {[%clk 0:14:16]} Nh7 {[%clk 0:09:08]} 12. Nd2
{[%clk 0:12:35]} Re6 {[%clk 0:08:30]} 13. Nc4 {[%clk 0:12:17]} g6
{[%clk 0:03:39]} 14. Bb2 {[%clk 0:11:44]} Bg7 {[%clk 0:03:35]} 15. f4
{[%clk 0:11:33]} exf4 {[%clk 0:03:23]} 16. Bxg7 {[%clk 0:11:40]} Kxg7
{[%clk 0:03:32]} 17. Rxf4 {[%clk 0:11:47]} Rf6 {[%clk 0:03:23]} 18. Rxf6
{[%clk 0:11:23]} Qxf6 {[%clk 0:03:31]} 19. Kh2 {[%clk 0:10:09]} h5
{[%clk 0:03:12]} 20. e5 {[%clk 0:09:13]} Qh4 {[%clk 0:02:53]} 21. Qe1
{[%clk 0:08:55]} Qd4 {[%clk 0:02:41]} 22. Ne2 {[%clk 0:09:00]} Qd8
{[%clk 0:02:40]} 23. Qf2 {[%clk 0:08:12]} Be6 {[%clk 0:02:35]} 24. Qxc5
{[%clk 0:08:13]} Qh4 {[%clk 0:01:25]} 25. Rf1 {[%clk 0:07:59]} Rd8
{[%clk 0:01:11]} 26. Nf4 {[%clk 0:07:51]} Nf8 {[%clk 0:00:22]} 27. Qxc7
{[%clk 0:07:20]} Rd7 {[%clk 0:00:22]} 28. Nxe6+ {[%clk 0:06:54]} fxe6
{[%clk 0:00:29]} 29. Qc5 {[%clk 0:06:42]} Nh7 {[%clk 0:00:34]} 30. Nd6
{[%clk 0:06:35]} Ng5 {[%clk 0:00:35]} 31. Ne8+ {[%clk 0:06:32]} Kh7
{[%clk 0:00:38]} 1-0

[Event "Russian Rapid Team Championship (m)"]
[Site "Sochi"]
[Date "2022.10.18"]
[Round "5.1"]
[White "Ponkratov, Pavel"]
[Black "Lazavik, Denis"]
[Result "1-0"]
[BlackElo "2435"]
[WhiteElo "2518"]
[LiveChessVersion "1.4.8"]

1. d4 {[%clk 0:15:18]} Nf6 {[%clk 0:15:14]} 2. c4 {[%clk 0:15:26]} e6
{[%clk 0:15:19]} 3. Nc3 {[%clk 0:15:35]} Bb4 {[%clk 0:15:23]} 4. Qc2
{[%clk 0:15:43]} O-O {[%clk 0:15:24]} 5. e4 {[%clk 0:15:51]} d5 {[%clk 0:15:22]}
6. e5 {[%clk 0:15:58]} Ne4 {[%clk 0:15:23]} 7. Bd3 {[%clk 0:16:05]} c5
{[%clk 0:14:53]} 8. Nf3 {[%clk 0:16:13]} cxd4 {[%clk 0:14:41]} 9. Nxd4
{[%clk 0:16:21]} Nd7 {[%clk 0:14:41]} 10. Bf4 {[%clk 0:16:25]} Qh4
{[%clk 0:14:33]} 11. g3 {[%clk 0:16:27]} Qh5 {[%clk 0:14:38]} 12. cxd5
{[%clk 0:15:27]} exd5 {[%clk 0:14:03]} 13. f3 {[%clk 0:13:27]} Bxc3+
{[%clk 0:12:13]} 14. bxc3 {[%clk 0:13:33]} Nec5 {[%clk 0:12:15]} 15. g4
{[%clk 0:12:27]} Nxd3+ {[%clk 0:11:39]} 16. Qxd3 {[%clk 0:12:33]} Qh3
{[%clk 0:10:34]} 17. O-O-O {[%clk 0:11:45]} Nc5 {[%clk 0:08:43]} 18. Qe3
{[%clk 0:11:54]} Qg2 {[%clk 0:04:48]} 19. Ne2 {[%clk 0:10:36]} Ne6
{[%clk 0:04:40]} 20. Bg3 {[%clk 0:10:43]} f5 {[%clk 0:03:31]} 21. exf6
{[%clk 0:10:10]} Rxf6 {[%clk 0:03:33]} 22. Rhf1 {[%clk 0:10:18]} Bd7
{[%clk 0:02:47]} 23. Rf2 {[%clk 0:09:39]} Qh3 {[%clk 0:02:54]} 24. Rxd5
{[%clk 0:09:47]} Be8 {[%clk 0:01:10]} 25. Ng1 {[%clk 0:09:44]} Qh6
{[%clk 0:01:18]} 26. g5 {[%clk 0:09:47]} Qh5 {[%clk 0:00:59]} 27. Re5
{[%clk 0:09:55]} Rg6 {[%clk 0:00:27]} 28. Rxe6 {[%clk 0:09:54]} Rxg5
{[%clk 0:00:34]} 29. Nh3 {[%clk 0:09:18]} Rf5 {[%clk 0:00:25]} 30. Nf4
{[%clk 0:09:24]} Qf7 {[%clk 0:00:31]} 31. Re7 {[%clk 0:09:33]} Qf8
{[%clk 0:00:38]} 32. Re2 {[%clk 0:07:49]} Bf7 {[%clk 0:00:37]} 33. Rd2
{[%clk 0:06:29]} Rc8 {[%clk 0:00:23]} 34. Rdd7 {[%clk 0:06:32]} Kh8
{[%clk 0:00:26]} 35. Qd4 {[%clk 0:05:52]} Rf6 {[%clk 0:00:25]} 36. Nd3
{[%clk 0:05:19]} Rxf3 {[%clk 0:00:24]} 37. Kd2 {[%clk 0:04:45]} Rf1
{[%clk 0:00:17]} 38. Nf2 {[%clk 0:04:11]} Rc4 {[%clk 0:00:14]} 39. Qd3
{[%clk 0:03:55]} Rxf2+ {[%clk 0:00:13]} 40. Bxf2 {[%clk 0:04:03]} Bg8
{[%clk 0:00:20]} 41. Bd4 {[%clk 0:03:59]} Qf4+ {[%clk 0:00:28]} 42. Kd1
{[%clk 0:03:58]} Qg4+ {[%clk 0:00:35]} 43. Qe2 {[%clk 0:04:06]} 1-0

[Event "Russian Rapid Team Championship (m)"]
[Site "Sochi"]
[Date "2022.10.18"]
[Round "5.2"]
[White "Fedorov, Alexei"]
[Black "Shomoev, Anton"]
[Result "1-0"]
[BlackElo "2553"]
[WhiteElo "2522"]
[LiveChessVersion "1.4.8"]

1. e4 {[%clk 0:15:17]} c5 {[%clk 0:15:18]} 2. d3 {[%clk 0:15:25]} Nc6
{[%clk 0:15:26]} 3. g3 {[%clk 0:15:33]} g6 {[%clk 0:15:32]} 4. Bg2
{[%clk 0:15:41]} Bg7 {[%clk 0:15:40]} 5. f4 {[%clk 0:15:48]} d6 {[%clk 0:15:45]}
6. Nf3 {[%clk 0:15:55]} Nf6 {[%clk 0:15:53]} 7. O-O {[%clk 0:16:02]} O-O
{[%clk 0:16:01]} 8. Nc3 {[%clk 0:16:08]} Rb8 {[%clk 0:16:08]} 9. h3
{[%clk 0:16:16]} b5 {[%clk 0:16:13]} 10. g4 {[%clk 0:16:24]} b4 {[%clk 0:15:49]}
11. Ne2 {[%clk 0:16:31]} Nd7 {[%clk 0:15:56]} 12. g5 {[%clk 0:16:12]} c4
{[%clk 0:13:35]} 13. d4 {[%clk 0:15:31]} c3 {[%clk 0:13:43]} 14. b3
{[%clk 0:14:34]} Ba6 {[%clk 0:13:37]} 15. d5 {[%clk 0:12:11]} Bxe2
{[%clk 0:10:14]} 16. Qxe2 {[%clk 0:12:19]} Nd4 {[%clk 0:10:22]} 17. Qf2
{[%clk 0:11:42]} Nxf3+ {[%clk 0:07:53]} 18. Bxf3 {[%clk 0:11:46]} a5
{[%clk 0:07:49]} 19. a4 {[%clk 0:11:25]} bxa3 {[%clk 0:07:05]} 20. Rxa3
{[%clk 0:11:08]} Rb4 {[%clk 0:05:20]} 21. Be3 {[%clk 0:11:09]} Nc5
{[%clk 0:04:12]} 22. e5 {[%clk 0:07:21]} Ne4 {[%clk 0:03:23]} 23. Bxe4
{[%clk 0:06:38]} Rxe4 {[%clk 0:03:31]} 24. Qf3 {[%clk 0:06:23]} Rb4
{[%clk 0:03:26]} 25. exd6 {[%clk 0:04:56]} exd6 {[%clk 0:03:35]} 26. Rfa1
{[%clk 0:05:05]} Re8 {[%clk 0:03:24]} 27. Rxa5 {[%clk 0:04:46]} Rxe3
{[%clk 0:01:38]} 28. Ra8 {[%clk 0:02:38]} Re1+ {[%clk 0:00:45]} 29. Kg2
{[%clk 0:02:41]} Re8 {[%clk 0:00:44]} 30. Rxd8 {[%clk 0:02:49]} Rxd8
{[%clk 0:00:53]} 31. Qe3 {[%clk 0:02:42]} Rd4 {[%clk 0:00:42]} 32. Kf3
{[%clk 0:02:17]} Rxd5 {[%clk 0:00:47]} 33. Qe4 {[%clk 0:02:07]} Rd2
{[%clk 0:00:42]} 34. b4 {[%clk 0:01:39]} d5 {[%clk 0:00:33]} 35. Qe7
{[%clk 0:01:47]} Rf8 {[%clk 0:00:42]} 36. b5 {[%clk 0:01:27]} Rxc2
{[%clk 0:00:50]} 37. b6 {[%clk 0:01:34]} Rb2 {[%clk 0:00:51]} 38. Qc7
{[%clk 0:01:34]} d4 {[%clk 0:00:15]} 39. b7 {[%clk 0:00:56]} c2 {[%clk 0:00:17]}
40. Ra8 {[%clk 0:00:45]} d3 {[%clk 0:00:14]} 41. b8=Q {[%clk 0:00:41]} Rbxb8
{[%clk 0:00:13]} 42. Rxb8 {[%clk 0:00:50]} Rxb8 {[%clk 0:00:15]} 43. Qxb8+
{[%clk 0:00:59]} Bf8 {[%clk 0:00:25]} 44. Qc8 {[%clk 0:01:00]} h6
{[%clk 0:00:17]} 45. Ke3 {[%clk 0:00:54]} hxg5 {[%clk 0:00:18]} 46. Kxd3
{[%clk 0:01:02]} 1-0

[Event "Russian Rapid Team Championship (m)"]
[Site "Sochi"]
[Date "2022.10.18"]
[Round "5.3"]
[White "Lysyj, Igor"]
[Black "Aleksandrov, Aleksej"]
[Result "1/2-1/2"]
[BlackElo "2439"]
[WhiteElo "2530"]
[LiveChessVersion "1.4.8"]

1. d4 {[%clk 0:15:18]} d5 {[%clk 0:15:19]} 2. c4 {[%clk 0:15:26]} e6
{[%clk 0:15:29]} 3. Nc3 {[%clk 0:15:34]} Bb4 {[%clk 0:15:33]} 4. cxd5
{[%clk 0:15:41]} exd5 {[%clk 0:15:42]} 5. Bf4 {[%clk 0:15:49]} c6
{[%clk 0:15:42]} 6. e3 {[%clk 0:15:48]} Ne7 {[%clk 0:15:50]} 7. Qb3
{[%clk 0:15:34]} Bd6 {[%clk 0:15:32]} 8. Bxd6 {[%clk 0:15:40]} Qxd6
{[%clk 0:15:40]} 9. Bd3 {[%clk 0:15:44]} Nd7 {[%clk 0:15:36]} 10. Nf3
{[%clk 0:15:40]} Nf6 {[%clk 0:15:29]} 11. O-O {[%clk 0:15:36]} O-O
{[%clk 0:15:33]} 12. Ne2 {[%clk 0:14:21]} b6 {[%clk 0:15:14]} 13. Rac1
{[%clk 0:13:55]} Bf5 {[%clk 0:13:23]} 14. Bxf5 {[%clk 0:13:41]} Nxf5
{[%clk 0:13:32]} 15. Qc2 {[%clk 0:13:44]} Ne7 {[%clk 0:13:38]} 16. Ng3
{[%clk 0:13:33]} g6 {[%clk 0:13:28]} 17. Rfd1 {[%clk 0:12:27]} Rfc8
{[%clk 0:13:25]} 18. b3 {[%clk 0:12:28]} a5 {[%clk 0:12:16]} 19. Qb2
{[%clk 0:11:30]} h5 {[%clk 0:12:24]} 20. Rc2 {[%clk 0:11:14]} Rc7
{[%clk 0:10:48]} 21. h3 {[%clk 0:11:03]} Qd8 {[%clk 0:10:25]} 22. Rdc1
{[%clk 0:10:59]} Ne8 {[%clk 0:10:31]} 23. e4 dxe4 {[%clk 0:10:21]} 24. Nxe4
{[%clk 0:09:54]} Rac8 {[%clk 0:10:30]} 25. Ne5 {[%clk 0:09:00]} f6
{[%clk 0:09:13]} 26. Nc4 {[%clk 0:08:41]} Nd5 {[%clk 0:09:21]} 27. Rd1
{[%clk 0:07:41]} Re7 {[%clk 0:09:19]} 28. Nc3 {[%clk 0:07:13]} Nec7
{[%clk 0:09:25]} 29. Qc1 {[%clk 0:06:22]} Kg7 {[%clk 0:09:24]} 30. Nxd5
{[%clk 0:05:12]} Nxd5 {[%clk 0:09:32]} 31. Re1 {[%clk 0:05:20]} Rcc7
{[%clk 0:09:02]} 32. Rce2 {[%clk 0:05:13]} Rxe2 {[%clk 0:08:58]} 33. Rxe2
{[%clk 0:05:22]} Re7 {[%clk 0:09:07]} 34. Rxe7+ {[%clk 0:05:13]} Nxe7
{[%clk 0:08:36]} 35. Qf4 {[%clk 0:01:14]} Nf5 {[%clk 0:08:32]} 36. Qe4
{[%clk 0:01:23]} b5 {[%clk 0:07:25]} 37. Ne3 {[%clk 0:01:10]} Nxd4
{[%clk 0:07:31]} 38. g4 {[%clk 0:01:15]} hxg4 {[%clk 0:07:35]} 39. hxg4
{[%clk 0:01:24]} Qd6 {[%clk 0:07:22]} 40. Kg2 {[%clk 0:00:50]} Ne6
{[%clk 0:07:09]} 41. Qc2 {[%clk 0:00:53]} Nf4+ {[%clk 0:06:40]} 42. Kf3
{[%clk 0:00:58]} Nd3 {[%clk 0:06:36]} 43. Ke2 {[%clk 0:00:53]} Nb4
{[%clk 0:06:41]} 44. Qb2 {[%clk 0:00:58]} Qd3+ {[%clk 0:06:42]} 45. Kf3
{[%clk 0:01:06]} Qd6 {[%clk 0:06:25]} 46. Qc3 {[%clk 0:00:43]} c5
{[%clk 0:06:09]} 47. g5 {[%clk 0:00:34]} Kf7 {[%clk 0:04:20]} 48. a4
{[%clk 0:00:43]} Qd4 {[%clk 0:04:15]} 49. Qc1 {[%clk 0:00:43]} Nd3
{[%clk 0:03:36]} 50. Qh1 {[%clk 0:00:52]} Ne5+ {[%clk 0:03:27]} 51. Kg3
{[%clk 0:00:57]} fxg5 {[%clk 0:03:19]} 52. Qh7+ {[%clk 0:01:05]} Kf8
{[%clk 0:03:18]} 53. Qh8+ {[%clk 0:01:08]} Kf7 {[%clk 0:02:33]} 54. axb5
{[%clk 0:00:57]} Qf4+ {[%clk 0:02:36]} 55. Kg2 {[%clk 0:01:06]} Qe4+
{[%clk 0:02:44]} 56. Kf1 {[%clk 0:01:13]} Qb1+ {[%clk 0:02:34]} 57. Kg2
{[%clk 0:01:19]} Qe4+ {[%clk 0:02:37]} 58. Kf1 {[%clk 0:01:28]} Qb1+
{[%clk 0:02:14]} 59. Kg2 {[%clk 0:01:37]} Qe4+ {[%clk 0:02:21]} 1/2-1/2

[Event "Russian Rapid Team Championship (m)"]
[Site "Sochi"]
[Date "2022.10.18"]
[Round "5.4"]
[White "Zarubitski, Viachaslau"]
[Black "Remizov, Yaroslav"]
[Result "0-1"]
[BlackElo "2355"]
[WhiteElo "2359"]
[LiveChessVersion "1.4.8"]

1. e4 {[%clk 0:15:08]} c5 {[%clk 0:15:11]} 2. Nf3 {[%clk 0:15:09]} d6
{[%clk 0:15:17]} 3. Bb5+ {[%clk 0:15:12]} Nd7 {[%clk 0:15:20]} 4. d4 cxd4
{[%clk 0:15:24]} 5. Qxd4 {[%clk 0:15:13]} a6 {[%clk 0:15:26]} 6. Bxd7+
{[%clk 0:15:20]} Bxd7 {[%clk 0:15:34]} 7. Nc3 {[%clk 0:15:15]} e6
{[%clk 0:15:16]} 8. Qd3 {[%clk 0:11:37]} Nf6 {[%clk 0:13:28]} 9. Bf4
{[%clk 0:11:30]} Bc6 {[%clk 0:12:36]} 10. O-O-O {[%clk 0:10:48]} d5
{[%clk 0:12:19]} 11. e5 {[%clk 0:10:46]} Nd7 {[%clk 0:11:42]} 12. Nd4
{[%clk 0:10:42]} Qc7 {[%clk 0:10:07]} 13. Rhe1 {[%clk 0:09:37]} O-O-O
{[%clk 0:10:11]} 14. h4 {[%clk 0:08:12]} Kb8 {[%clk 0:09:03]} 15. h5
{[%clk 0:07:58]} Bb4 {[%clk 0:08:28]} 16. a3 {[%clk 0:07:14]} Ba5
{[%clk 0:08:21]} 17. Qg3 {[%clk 0:04:55]} g6 {[%clk 0:08:08]} 18. h6
{[%clk 0:04:17]} Rc8 {[%clk 0:07:42]} 19. Re2 {[%clk 0:03:28]} Ka8
{[%clk 0:06:49]} 20. Nb3 {[%clk 0:02:36]} Bxc3 {[%clk 0:05:55]} 21. Qxc3
{[%clk 0:02:42]} Nb6 {[%clk 0:05:50]} 22. Nd4 {[%clk 0:02:26]} Nc4
{[%clk 0:05:28]} 23. Qb4 {[%clk 0:01:57]} a5 {[%clk 0:04:41]} 24. Qc3
{[%clk 0:01:59]} Qb6 {[%clk 0:04:43]} 25. Qb3 {[%clk 0:01:34]} Qa6
{[%clk 0:04:42]} 26. Rd3 {[%clk 0:01:08]} b5 {[%clk 0:03:44]} 27. Kd1
{[%clk 0:00:30]} b4 {[%clk 0:03:30]} 28. Nxc6 {[%clk 0:00:26]} bxa3
{[%clk 0:02:55]} 29. bxa3 {[%clk 0:00:20]} Rxc6 {[%clk 0:02:53]} 30. Qb1
{[%clk 0:00:21]} a4 {[%clk 0:02:17]} 31. Bd2 {[%clk 0:00:20]} Nxd2
{[%clk 0:01:41]} 32. Rdxd2 {[%clk 0:00:19]} Rb8 {[%clk 0:01:43]} 33. Qa2
{[%clk 0:00:15]} Qc4 {[%clk 0:01:49]} 34. c3 {[%clk 0:00:19]} Qxc3
{[%clk 0:01:12]} 35. Re3 {[%clk 0:00:19]} Qc1+ {[%clk 0:00:53]} 36. Ke2
{[%clk 0:00:28]} Rb1 {[%clk 0:01:02]} 37. Kf3 {[%clk 0:00:24]} Rc4
{[%clk 0:00:53]} 38. Rde2 {[%clk 0:00:13]} Qh1 {[%clk 0:00:51]} 39. Rd3
{[%clk 0:00:11]} Qh5+ {[%clk 0:00:56]} 40. Ke3 {[%clk 0:00:20]} Qxh6+
{[%clk 0:01:05]} 0-1